| 000 | 01156nam a22002777a 4500 | ||
|---|---|---|---|
| 999 |
_c63568 _d63568 |
||
| 005 | 20240530110648.0 | ||
| 008 | 171102s2015 ua h g b 000 0 ara d | ||
| 017 |
_a2015/1668 _bمصر. دار الكتب |
||
| 020 | _a9789777220743 | ||
| 040 |
_aEG-CaGPL _cEG-CaGPL |
||
| 082 | 0 | 4 |
_221 _a370.15 / _bم ق |
| 100 | 0 | _aعبدالعظيم صبرى عبدالعظيم | |
| 245 | 1 | 2 |
_aالمؤسسة التعليمية و دورها فى اعداد القائد الصغير / _cعبدالعظيم صبرى عبدالعظيم ، حمدى احمد محمود |
| 250 | _aط. 1 | ||
| 260 |
_aالقاهرة : _bالمجموعة العربية للتدريب و النشر ، _c2015. |
||
| 300 |
_a189 ص. : _bصور ؛ _c24 سم. |
||
| 490 | 0 |
_aسلسلة قائد المستقبل ؛ _v2 |
|
| 504 | _aيشتمل على ارجاعات ببليوجرافية | ||
| 650 | 0 | 7 |
_2qrmak _aالتعليم _xمؤسسات |
| 650 | 0 | 7 |
_2qrmak _aتعليم الاطفال |
| 650 | 0 | 7 |
_2qrmak _aالقيادة |
| 651 | _2qrmak | ||
| 700 | 0 |
_aحمدى احمد محمود _eمؤلف مشارك |
|
| 942 |
_2ddc _cBK |
||